00477nam a22001697a 4500003001100000005001700011008004100028040003900069041000800108082001300116100000600129245005900135260003400194300002700228650002400255700002800279LK-CoMWRAF20231013113715.0231013b1993 |||||||| |||| 00| 0 eng d aLK-CoMWRAFdLK-CoMWRAFeLK-CoMWRAF aeng a421bHAN a  aHandbook of Quotations:barranged in a dictionary form aNew Delhi:bGoyal Saab,c1993 a487 p.bIndex included aQUOTATIONS, ENGLISH aMorgan, Arthur T. eed.